Регионална библиотека "Любен Каравелов" - Русе

Vorschule der Gelaufigkeit (Запис номер 307334)

MARC детайли
000 -Лидер
Контролно поле с фиксирана дължина 01150ncm a2200337 c 4500
003 - Код на организацията, давaща контролен номер
Контролно поле BLK
005 - Дата и час на последна редакция
Контролно поле 20241011005338.0
008 - Елементи от данни с фиксирана дължина
fixed length control field 180414b bul |a|er|||| |0| c|bulo|
010 ## - Наследен системен номер
LC control number NOT00001899000
040 ## - Източник на каталожния запис
Идентификатор на билиотеката - собственик на записа BLK
041 ## - Код за език
Код за езика на текст/звукозапис или на отделно заглавие Немски
Код за езика КДБФ Немски
080 ## - УДК
Текстов определител УДК Музика за пиано
УДК код - определител по УДК 786.2
УДК определител
УДК - код + определител 786.2
100 1# - Редна дума - Автор
Автор Дюверноа, Жан Баптист
Авторска отговорност първи автор
R(LIN) 66146
139 ## - Редно поле
Редна дума Дювернуа, Жан Баптист
Авторски знак Дю - Д 97
245 10 - Сведения за заглавието
Заглавие Vorschule der Gelaufigkeit
Подзаглавни данни [Zwanzig] 20 lEuden ohne Oktavenspannung fur Klavier
Редно поле (дума) Жан Баптист Дюверноа; rev. Adolf Ruthardt; * Jean Baptiste Duvernoy.
Версия Op.276
257 ## - Страна на издаване
Страна на създаване/издаване Германия
260 ## - Област на издателските данни
-- Leipzig
Име на издателя, разпространителя и проч. Peters 3316
Година на издаване S. a.
300 ## - Физическа характеристика
Страници 35 с.
Размери/Мащаб 29 см
380 ## - Жанр
Жанр Изкуство
650 #0 - Допълнително описание по предмет – тема
Основно описание – тема или топоним Пиано - етюди
9 (RLIN) 353307
653 ## - Ключова дума – ненормативна
Ключова дума пиано
653 ## - Ключова дума – ненормативна
Ключова дума етюди
700 1# - Други автори (авторска отговорност)
Лично име Ruthardt, Adolf
Автороска отговорност (Описва отношението между автора и произведението) rev.
9 (RLIN) 388884
700 1# - Други автори (авторска отговорност)
Лично име Duvernoy, Jean Baptiste
Автороска отговорност (Описва отношението между автора и произведението) *
9 (RLIN) 9203
852 ## - Местоположение
Форматна сигнатура Цб М ІІ 3165
Част 0
856 4# - Електронен адрес и достъп
Електронен формат pdf - файл
Път до файла /url/
856 4# - Електронен адрес и достъп
Електронен формат pdf - файл
Път до файла /url/
942 ## - АРТИКУЛИ
Вид на библиотечния материал Нотни издания
Скрит в OPAC Не
944 ## - СЪЗДАВАНЕ И РЕДАКЦИЯ на ЗАПИСА
Създаване/Редакция Създаване
Дата на регистрацията/редакция 22.07.2006
Служител, извършил регистрацията/редакцията
Статус, дата на статуса CRON CRON
944 ## - СЪЗДАВАНЕ И РЕДАКЦИЯ на ЗАПИСА
Създаване/Редакция Редакция
Дата на регистрацията/редакция 22.02.2008
Служител, извършил регистрацията/редакцията
999 ## - СИСТЕМНИ КОНТРОЛНИ НОМЕРА
Koha biblionumber 307334
Koha biblioitemnumber 307334
Наличности
Код за отписване Код за изгубен артикул Източник на класификационната схема Код за повреда Коз за рестрикции Код за отдаване Артикулен № Име на библиотеката - собственик Име на библиотеката, в която се намира в момента Статус (Текущо местоположение) Дата на вписване в системата Местоположение - отдел Цена в лева Инвентарен номер Систематично азбучна сигнатура Баркод Номер на екземпляра Цена в евро Служебна бележка Служебен тип на артикула
  Не е изгубен Universal Decimal Classification Не е повреден само за читалня ползва се в читалня 659250 Регионална библиотека "Любен Каравелов" Русе Регионална библиотека "Любен Каравелов" Русе Хранилище 1964-01-01 Основен фонд - ползва се само за читалня 0.36 9960/64 Цб М II 3165 900000008141 1 0.18 N: стар фонд Дата: 01.01.1964 Нотни издания
  Не е изгубен Universal Decimal Classification Не е повреден само за читалня ползва се в читалня 659251 Регионална библиотека "Любен Каравелов" Русе Регионална библиотека "Любен Каравелов" Русе Хранилище 1964-01-01 Основен фонд - ползва се само за читалня 0.50 2998/68 Цб М II 3165 900000008142 2 0.26 N: стар фонд Дата: 01.01.1964 Нотни издания
Изтеглен Не е изгубен Universal Decimal Classification Не е повреден без рестрикции заемане за дома 659252 Регионална библиотека "Любен Каравелов" Русе Регионална библиотека "Любен Каравелов" Русе Отдел Изкуство - читалня 1964-01-01 Отдел Изкуство - подръчен фонд 0.01 6855/64 ИП/786.2/Д 97 6855/64 3 0.01 N: стар фонд Дата: 01.01.1964 Нотни издания
  Не е изгубен Universal Decimal Classification Не е повреден без рестрикции заемане за дома 659253 Регионална библиотека "Любен Каравелов" Русе Регионална библиотека "Любен Каравелов" Русе Отдел Изкуство - читалня 1964-01-01 Отдел Изкуство - подръчен фонд 0.36 12838/64 786.2/Д 97 Ж 900000001291 4 0.18 N: стар фонд Дата: 01.01.1964 Нотни издания
Изтеглен Не е изгубен Universal Decimal Classification Не е повреден без рестрикции заемане за дома 659254 Регионална библиотека "Любен Каравелов" Русе Регионална библиотека "Любен Каравелов" Русе Отдел Изкуство - читалня 1964-01-01 Отдел Изкуство - подръчен фонд 0.01 2999/68 ИП/786.2/Д 97 2999/68 5 0.01 N: стар фонд Дата: 01.01.1964 Нотни издания
Vip Innovations Ltd, Rousse, Bulgaria 2025